Himnusz - szöveges kvíz - Statistics

General Stats
  • This quiz has been taken 50 times
  • The average score is 45 of 64
Answer Stats
Szöveg % Correct
Bal sors {akit} {régen} tép,
97%
Bal sors {akit} {régen} tép,
97%
Ha {küzd} ellenséggel;
97%
Hozz rá víg {esztendőt},
97%
Hozz rá víg {esztendőt},
97%
Jó {kedvvel}, bőséggel,
97%
Nyújts feléje {védő} kart,
97%
Nyújts feléje {védő} kart
97%
A múltat s {jövendőt}!
91%
A múltat s {jövendőt}!
91%
Bécsnek {büszke} vára.
88%
{Megbűnhődte} már e nép
88%
{Megbűnhődte} már e nép
88%
Tiszának, {Dunának},
88%
Árpád hős {magzatjai}
84%
{Bendegúznak} vére.
84%
{Felvirágozának}.
84%
Isten, {áldd} {meg} a magyart
84%
Általad nyert {szép} hazát
81%
Győzedelmi {ének}!
81%
S merre {zúgnak} habjai
81%
S nyögte {Mátyás} {bús} hadát
81%
Vad török {sáncára},
81%
{Gyúlt} harag kebledben,
78%
{Őseinket} felhozád
78%
Zúgattad {felettünk},
78%
{Kárpát} szent bércére,
75%
Nektárt {csepegtettél}.
75%
Ozman {vad} népének
75%
{Tokaj} szőlővesszein
75%
Ért kalászt {lengettél},
72%
Értünk {Kunság} mezein
72%
Szép {hazám}, kebledre,
69%
Zászlónk {gyakran} plántálád
69%
{Dörgő} fellegedben,
66%
Majd {töröktől} rabigát
66%
Vállainkra {vettünk}.
66%
Hajh, de {bűneink} miatt
63%
Halálhörgés, {siralom}
63%
{Hányszor} zengett ajkain
63%
S elsújtád {villámidat}
63%
{Vár} {állott}, most kőhalom,
63%
Bújt az {üldözött}, s felé
59%
Hányszor {támadt} tenfiad
59%
Kedv s {öröm} röpkedtek,
59%
Most rabló {mongol} nyilát
59%
Szerte nézett s {nem} {lelé}
59%
Vert hadunk {csonthalmain}
59%
Árvák {hő} szeméből!
56%
Honját e {hazában},
56%
Magzatod {hamvvedre}!
56%
{Zajlik} már helyettek.
56%
Bércre hág {és} {völgybe} száll
50%
{Kit} vészek hányának,
50%
Kard {nyúlt} barlangjában,
47%
Kínzó rabság {könnye} {hull}
47%
Tengerén {kínjának}.
47%
{Szánd} meg Isten a magyart
44%
Bú s {kétség} mellette,
41%
A {holtnak} véréből,
38%
{S} {lettél} magzatod miatt
38%
S ah, {szabadság} nem virul
34%
S lángtenger {fölette}.
34%
{Vérözön} lábainál,
28%
No matching quizzes found
Score Distribution
Percent of People with Each Score
Percentile by Number Answered
Your Score History
You have not taken this quiz